Научно-технический прогресс в нефтепромысловой геофизике: сборник трудов

Библиографические подробности
Автор-организация: Всесоюзный научно-исследовательский институт нефтепромысловой геофизики (ВНИИнефтепромгеофизика)
Другие авторы: Жувагин И. Г. (редактор)
Язык:русский
Опубликовано: Уфа, 1987
Серии:Труды ВНИИнефтепромгеофизика Вып. 17
Предметы:
Формат: Книга
Запись в KOHA:https://koha.lib.tpu.ru/cgi-bin/koha/opac-detail.pl?biblionumber=256158

MARC

LEADER 00000nam0a2200000 4500
001 256158
005 20231101233105.0
035 |a (RuTPU)RU\TPU\book\278807 
090 |a 256158 
100 |a 20140405d1987 k y0rusy50 ca 
101 0 |a rus 
102 |a RU 
105 |a a z 001zy 
200 1 |a Научно-технический прогресс в нефтепромысловой геофизике  |e сборник трудов  |f Всесоюзный научно-исследовательский институт нефтепромысловой геофизики (ВНИИнефтепромгеофизика) ; под ред. И. Г. Жувагина 
210 |a Уфа  |d 1987 
215 |a 175 с.  |c ил. 
225 1 |a Труды ВНИИнефтепромгеофизика  |v Вып. 17 
320 |a Библиогр. в конце ст. 
606 1 |a Нефтепромысловая геофизика  |2 stltpush  |3 (RuTPU)RU\TPU\subj\45816  |9 65007 
610 1 |a научно-технический прогресс 
610 1 |a аппаратура 
610 1 |a технические средства 
610 1 |a разрезы 
675 |a 622.276.03  |v 3 
702 1 |a Жувагин  |b И. Г.  |4 340 
712 0 2 |a Всесоюзный научно-исследовательский институт нефтепромысловой геофизики (ВНИИнефтепромгеофизика)  |2 stltpush  |3 (RuTPU)RU\TPU\col\11097 
801 1 |a RU  |b 63413507  |c 20140405 
801 2 |a RU  |b 63413507  |c 20141121  |g RCR 
942 |c BK